00688nam a2200205 a 450000100100000000500170001000800410002702000150006804000250008308200080010810000350011624500780015125000110022926000370024030000210027749000260029883000330032495201080035799900170046500004015020201002033940.0130809s1983 sp 000 0 spa d a8432203572 aDO-SdBNPbspacBNPHU axxx1 aPaz, Octavio,d1914-19989870313aEl ogro filantrópico :bHistoria y política 1971-1978 /cOctavio Paz. a4a ed. aBarcelona :bSeix Barral,c1983. a348 p. ;c20 cm.1 aBiblioteca Brevev449 0aBiblioteca Brevev449913442 001050718MOaGRbGRcCTd2013-08-09iLF1l0oxxx p40150-10r2020-06-25w2020-06-25y1ZNo se presta c39640d39640